Manchester United - Meilleurs buteurs par saison - Statistiques

Statistiques générales
  • Ce quiz a été pris 702 fois
  • Le résultat moyen est 23 sur 31
Statistiques - réponses
Année Nationalité Buts Joueur % Correct
2006/2007 Portugal 23 Cristiano Ronaldo
99%
2007/2008 Portugal 42 Cristiano Ronaldo
99%
2008/2009 Portugal 26 Cristiano Ronaldo
99%
2021/2022 Portugal 24 Cristiano Ronaldo
99%
2015/2016 France 17 Anthony Martial
95%
2019/2020 France 23 Anthony Martial
95%
2022/2023 Angleterre 29* Marcus Rashford
94%
2004/2005 Angleterre 17 Wayne Rooney
94%
2009/2010 Angleterre 34 Wayne Rooney
94%
2011/2012 Angleterre 34 Wayne Rooney
94%
2013/2014 Angleterre 19 Wayne Rooney
94%
2014/2015 Angleterre 14 Wayne Rooney
94%
2016/2017 Suède 28 Zlatan Ibrahimovic
93%
2020/2021 Portugal 28 Bruno Fernandes
92%
2017/2018 Belgique 27 Romelu Lukaku
91%
2012/2013 Pays-Bas 30 Robin Van Persie
86%
2018/2019 France 16 Paul Pogba
82%
1993/1994 France 25 Eric Cantona
81%
1995/1996 France 19 Eric Cantona
80%
2010/2011 Bulgarie 21 Dimitar Berbatov
75%
2001/2002 Pays-Bas 36 Ruud Van Nistelrooy
75%
2002/2003 Pays-Bas 44 Ruud Van Nistelrooy
75%
2003/2004 Pays-Bas 30 Ruud Van Nistelrooy
75%
2005/2006 Pays-Bas 24 Ruud Van Nistelrooy
75%
1996/1997 Norvège 19 Ole Gunnar Solskjaer
45%
1997/1998 Angleterre 25 Andy Cole
32%
1998/1999 Trinité et Tobago 29 Dwight Yorke
32%
1999/2000 Trinité et Tobago 24 Dwight Yorke
32%
2000/2001 Angleterre 21 Teddy Sherringham
17%
1992/1993 Pays de Galles 16 Mark Hughes
7%
1994/1995 Russie 15 Andrei Kanchelskis
5%
Aucun quiz correspondant
Distribution des résultats
% des personnes avec chaque résultat
Percentile par nombre de réponses
Votre historique - résultats
Vous n’avez pas pris ce quiz